[Event "SVK-chT2B 9394"]
[Site "Slovakia"]
[Date "1994.??.??"]
[Round "13"]
[White "Stefanek, D."]
[Black "Kysel, Jozef"]
[Result "1/2-1/2"]
[WhiteElo "2095"]
[BlackElo "2035"]
[PlyCount "37"]
[EventDate "1993.??.??"]
[EventType "team"]
[EventRounds "14"]
[EventCountry "SVK"]
[SourceTitle "EXT 2001"]
[Source "ChessBase"]
[SourceDate "2000.11.22"]
[SourceVersion "1"]
[SourceVersionDate "2000.11.22"]
[SourceQuality "1"]

1. d4 Nf6 2. c4 g6 3. Nc3 Bg7 4. Nf3 d6 5. Bg5 0-0 6. e4 Nbd7 7. Be2 c6 8. 0-0 Qc7 9. Rc1 Re8 10. b4 Nf8 11. d5 N6d7 12. Nd4 e5 13. Nb3 Nf6 14. c5 dxc5 15. d6 Qd8 16. bxc5 Be6 17. f4 exf4 18. e5 Bxb3 19. Qxb3 1/2-1/2

[Event "SVK-chT2B 9394"]
[Site "Slovakia"]
[Date "1993.??.??"]
[Round "1"]
[White "Mudrochova, Helena"]
[Black "Stefanek, D."]
[Result "1/2-1/2"]
[WhiteElo "2190"]
[BlackElo "2095"]
[PlyCount "54"]
[EventDate "1993.??.??"]
[EventType "team"]
[EventRounds "14"]
[EventCountry "SVK"]
[SourceTitle "EXT 2001"]
[Source "ChessBase"]
[SourceDate "2000.11.22"]
[SourceVersion "1"]
[SourceVersionDate "2000.11.22"]
[SourceQuality "1"]

1. e4 c6 2. d4 d5 3. Nd2 dxe4 4. Nxe4 Nd7 5. Nf3 Ngf6 6. Ng3 e6 7. Bd3 c5 8. c3 Be7 9. 0-0 0-0 10. Qc2 h6 11. Rd1 Qc7 12. b3 b6 13. Ne4 Bb7 14. Ba3 Qf4 15. Bc1 Qc7 16. Be3 Nd5 17. Rac1 Rac8 18. Qd2 Nxe3 19. fxe3 Qb8 20. Bb1 Qa8 21. Qd3 Bxe4 22. Qxe4 Qxe4 23. Bxe4 Nf6 24. Bd3 cxd4 25. cxd4 Ba3 26. Rc4 Nd5 27. Kf2 b5 1/2-1/2

[Event "SVK-chT2B 9394"]
[Site "Slovakia"]
[Date "1993.??.??"]
[Round "3"]
[White "Stefanek, D."]
[Black "Malar, Pavol"]
[Result "0-1"]
[WhiteElo "2095"]
[BlackElo "2070"]
[PlyCount "74"]
[EventDate "1993.??.??"]
[EventType "team"]
[EventRounds "14"]
[EventCountry "SVK"]
[SourceTitle "EXT 2001"]
[Source "ChessBase"]
[SourceDate "2000.11.22"]
[SourceVersion "1"]
[SourceVersionDate "2000.11.22"]
[SourceQuality "1"]

1. d4 f5 2. c4 g6 3. Nf3 Bg7 4. Nc3 Nf6 5. Bf4 0-0 6. g3 d6 7. Qd2 Nc6 8. Bh6 e5 9. Bxg7 Kxg7 10. Bg2 e4 11. Ng5 d5 12. cxd5 Nxd5 13. h4 h6 14. Nh3 Nce7 15. Rc1 c6 16. 0-0 Qd6 17. Rfd1 e3 18. Qd3 f4 19. Nxd5 Nxd5 20. fxe3 Bxh3 21. Bxh3 fxe3 22. Kh2 Rf2+ 23. Bg2 Nf6 24. d5 Ng4+ 25. Kh3 Rf6 26. Qd4 Nf2+ 27. Kh2 Nxd1 28. Rxd1 Re8 29. Qxa7 Re7 30. Qd4 c5 31. Qc3 Kh8 32. Bf3 g5 33. h5 Re5 34. Qd3 Kg7 35. Qb5 Rf7 36. Rc1 Rxd5 37. Bxd5 Qxd5 0-1